[Event "Goiania op"]
[Site "Goiania"]
[Date "2017.05.26"]
[Round "2"]
[White "Campos, Otavio Moraes"]
[Black "Muniz, Bernardo Cunha"]
[Result "1-0"]
[WhiteElo "1707"]
[BlackElo "1330"]
[PlyCount "39"]
[EventDate "2017.05.26"]
[EventType "swiss"]
[EventRounds "6"]
[EventCountry "BRA"]
[SourceTitle "CBM 178 Extra"]
[Source "ChessBase"]
[SourceDate "2017.06.22"]
[SourceVersion "1"]
[SourceVersionDate "2017.06.22"]
[SourceQuality "1"]

1. e4 e5 2. Nf3 Nc6 3. Bc4 d5 4. Bxd5 Nb4 5. Bc4 Bd7 6. Nxe5 g6 7. Nxf7 Qf6 8. Nxh8 Bc5 9. 0-0 Bd6 10. c3 Qe5 11. f4 Bc5+ 12. d4 Qxe4 13. Re1 Qxe1+ 14. Qxe1+ Be7 15. cxb4 0-0-0 16. Bxg8 Rxg8 17. Qxe7 Re8 18. Qf7 Re1+ 19. Kf2 Rxc1 20. Qf8+ 1-0

[Event "BRA-ch Amateur"]
[Site "Brasilia"]
[Date "2016.06.17"]
[Round "1"]
[White "Labussiere, Victor"]
[Black "Muniz, Bernardo Cunha"]
[Result "1-0"]
[WhiteElo "1657"]
[BlackElo "1718"]
[PlyCount "21"]
[EventDate "2016.06.17"]
[EventType "swiss"]
[EventRounds "6"]
[EventCountry "BRA"]
[SourceTitle "CBM 173 Extra"]
[Source "ChessBase"]
[SourceDate "2016.08.29"]
[SourceVersion "1"]
[SourceVersionDate "2016.08.29"]
[SourceQuality "1"]

1. d4 d5 2. c4 Bf5 3. cxd5 Nf6 4. Nc3 e6 5. dxe6 fxe6 6. Nf3 Bb4 7. Qa4+ Nbd7 8. Qxb4 Nd5 9. Nxd5 exd5 10. Bg5 Qb8 11. Qe7# 1-0